000 00491nam a2200169Ia 4500
999 _c12153
_d12153
003 OSt
005 20201005135221.0
008 190216s9999||||xx |||||||||||||| ||und||
040 _coclc
082 _a823.8
_bCOL/W
100 _aCollins, Wilkie
_94984
245 4 _aThe Women In White /
_cWilkie Collins ; E C R Lorag
260 _bHeron Books,
_c1989.
_aLondon:
300 _a571p
650 _aEnglish Short Stories
942 _cBK
_2ddc
_h823.8
_iCOL/W
_k823.8
_mCOL/W